| 000 | 00328 a2200133 4500 | ||
|---|---|---|---|
| 001 | 12527 | ||
| 082 | _a621.3815324 FRE | ||
| 090 |
_c9534 _d9534 |
||
| 100 | _aJolyon M. De Freitas | ||
| 245 | _aDigital Filter Design Solutions, 2/e | ||
| 250 | _a2 | ||
| 260 |
_aLondon _bArtech House _c2005 |
||
| 300 |
_axix, 464 p. _eCD |
||
| 942 |
_aNUST-CAE _k621.3815324 FRE |
||
| 999 |
_c247600 _d247600 |
||